000 00497nam a2200157 4500
003 SEACOMMC
005 20231013071708.0
008 231013b |||||||| |||| 00| 0 eng d
040 _aSEACOMMC
082 _a621.37
_bMOR
100 1 _aMorris, Alan S.
245 1 _aMeasurement and instrumentation principles
_cAlan S. Morris
260 _aNew Delhi
_bElsevier
_c2006
650 _aEngineering
_vElectrical, magnetic, optical, communications, computer engineering; electronics, lighting
942 _cBOOK
999 _c218
_d218